Villes d'Allemagne de l'Ouest ou de l'Est? (Click Quiz) - Statistiques

Statistiques générales
  • Ce quiz a été pris 62 fois
  • Le résultat moyen est 45 sur 65
Statistiques - réponses
Hint Réponse % Correct
Cologne Allemagne de l'Ouest
89%
Hambourg Allemagne de l'Ouest
85%
Brême Allemagne de l'Ouest
85%
Francfort-sur-le-Main Allemagne de l'Ouest
85%
Mayence Allemagne de l'Ouest
85%
Stuttgart Allemagne de l'Ouest
83%
Hanovre Allemagne de l'Ouest
83%
Hambourg Allemagne de l'Ouest
81%
Chemnitz Allemagne de l'Est
79%
Düsseldorf Allemagne de l'Ouest
79%
Leverkusen Allemagne de l'Ouest
79%
Bonn Allemagne de l'Ouest
77%
Fribourg-en-Brisgau Allemagne de l'Ouest
77%
Essen Allemagne de l'Ouest
77%
Aix-la-Chapelle Allemagne de l'Ouest
77%
Sarrebruck Allemagne de l'Ouest
77%
Potsdam Allemagne de l'Est
75%
Nuremberg Allemagne de l'Ouest
75%
Mannheim Allemagne de l'Ouest
75%
Leipzig Allemagne de l'Est
74%
Brandebourg-sur-la-Havel Allemagne de l'Est
74%
Duisbourg Allemagne de l'Ouest
74%
Gelsenkirchen Allemagne de l'Ouest
74%
Karlsruhe Allemagne de l'Ouest
74%
Bielefeld Allemagne de l'Ouest
74%
Mönchengladbach Allemagne de l'Ouest
74%
Baden-Baden Allemagne de l'Ouest
72%
Wolfsbourg Allemagne de l'Ouest
72%
Götingen Allemagne de l'Ouest
72%
Iéna Allemagne de l'Est
70%
Gera Allemagne de l'Est
70%
Güstrow Allemagne de l'Est
70%
Coblence Allemagne de l'Ouest
70%
Kaiserslautern Allemagne de l'Ouest
70%
Dresde Allemagne de l'Est
68%
Rostock Allemagne de l'Est
68%
Kiel Allemagne de l'Ouest
68%
Zwickau Allemagne de l'Est
66%
Cottbus Allemagne de l'Est
66%
Shcwedt-sur-l'Oder Allemagne de l'Est
66%
Stralsund Allemagne de l'Est
66%
Darmstadt Allemagne de l'Ouest
66%
Ingolstadt Allemagne de l'Ouest
66%
Bochum Allemagne de l'Ouest
66%
Dessau-Roßlau Allemagne de l'Est
64%
Magdebourg Allemagne de l'Est
64%
Görlitz Allemagne de l'Est
64%
Erfurt Allemagne de l'Est
62%
Schwerin Allemagne de l'Est
62%
Parchim Allemagne de l'Est
62%
Luckenwalde Allemagne de l'Est
62%
Berlin Les deux
62%
Plauen Allemagne de l'Est
60%
Suhl Allemagne de l'Est
60%
Wuppertal Allemagne de l'Ouest
58%
Paderborn Allemagne de l'Ouest
57%
Wismar Allemagne de l'Est
53%
Greifswald Allemagne de l'Est
53%
Brunswick Allemagne de l'Ouest
53%
Halle Allemagne de l'Est
51%
Francfort-sur-l'Oder Allemagne de l'Est
51%
Lübeck Allemagne de l'Ouest
51%
Freiberg Allemagne de l'Est
45%
Weimar Allemagne de l'Est
42%
Cobourg Allemagne de l'Ouest
42%
Aucun quiz correspondant
Distribution des résultats
% des personnes avec chaque résultat
Percentile par nombre de réponses
Votre historique - résultats
Vous n’avez pas pris ce quiz